El ojo del observador: contribuciones al constructivismo. Homenaje a Heinz von Foerster

Guardat en:
Dades bibliogràfiques
Autors principals: Watzlawick, Paul (Autor), Krieg, Peter (Autor)
Format: Llibre
Idioma:espanyol
Publicat: Barcelona Gedisa 1994
Edició:1a. ed
Col·lecció:Ciencias Cognitivas
Matèries:
Etiquetes: Afegir etiqueta
Sense etiquetes, Sigues el primer a etiquetar aquest registre!

MARC

LEADER 00000cam a2200000 a 4500
001 UCY1892
003 CL-VaPUC
005 20231222112022.0
008 940927e19940000SP |||||||||||||||||spa|d
999 |c 230467  |d 230465 
020 |a 9788474325126 
040 |c Pontificia Universidad Católica de Valparaíso 
082 0 4 |a 121  |b WAT  |2 21 
100 0 |a Watzlawick, Paul  |e author  |9 329953 
245 1 3 |a El ojo del observador: contribuciones al constructivismo. Homenaje a Heinz von Foerster 
250 |a 1a. ed 
260 |a Barcelona  |b Gedisa  |c 1994 
300 |a 261 p 
490 0 |a Ciencias Cognitivas 
583 |a last modification  |c 20181206 12:15:53  |k Rodrigo Vera 
650 0 |a Constructivismo (Filosofía)  |2 CL-VaPUC  |9 327131 
650 0 |a Teoría del conocimiento   |9 255038 
650 0 |a Filosofía   |9 223554 
700 0 |a Krieg, Peter  |e author  |9 329954 
942 |c BK  |2 ddc 
945 |d 19940927 00:00:00  |a rbrito 
952 |0 0  |1 0  |4 0  |6 121_000000000000000_WAT_1994  |7 0  |8 R  |9 232753  |a BIBGIM  |b BIBGIM  |d 2019-11-15  |i 3122468  |o 121 WAT 1994  |p 3122468  |r 2025-01-15  |w 2019-11-15  |y BK_R  |k SSL 
952 |0 0  |1 0  |4 0  |6 121_000000000000000_WAT_1994  |7 0  |8 R  |9 232754  |a BIBGIM  |b BIBGIM  |d 2019-11-15  |i 312245K  |o 121 WAT 1994  |p 312245K  |r 2025-01-15  |w 2019-11-15  |y BK_R  |k SSL 
952 |0 0  |1 0  |3 erb  |4 0  |6 121_000000000000000_WAT_1994  |7 0  |8 R  |9 232755  |a BIBGIM  |b BIBGIM  |i 5070376  |o 121 WAT 1994  |p 5070376  |r 2025-01-15  |w 2019-11-15  |y BK_R  |z Catalogado en:20140409  |k SSL 
952 |0 0  |1 0  |3 erb  |4 0  |6 121_000000000000000_WAT_1994  |7 0  |8 R  |9 232756  |a BIBGIM  |b BIBGIM  |i 5070384  |l 2  |m 1  |o 121 WAT 1994  |p 5070384  |r 2025-01-15  |s 2024-11-15  |w 2019-11-15  |y BK_R  |z Catalogado en:20140409  |k SSL 
952 |0 0  |1 0  |3 erb  |4 0  |6 121_000000000000000_WAT_1994  |7 0  |8 R  |9 232757  |a BIBGIM  |b BIBGIM  |i 5070392  |o 121 WAT 1994  |p 5070392  |r 2025-01-15  |w 2019-11-15  |y BK_R  |z Catalogado en:20140409  |k SSL 
952 |0 0  |1 0  |3 erb  |4 0  |6 121_000000000000000_WAT_1994  |7 0  |8 R  |9 232758  |a BIBGIM  |b BIBGIM  |i 5254795  |l 1  |m 1  |o 121 WAT 1994  |p 5254795  |r 2025-01-15  |s 2024-09-30  |w 2019-11-15  |y BK_R  |z Catalogado en:20160603  |k SSL 
952 |0 0  |1 0  |3 erb  |4 0  |6 121_000000000000000_WAT_1994  |7 0  |8 R  |9 232759  |a BIBGIM  |b BIBGIM  |i 5290112  |l 1  |m 1  |o 121 WAT 1994  |p 5290112  |r 2025-01-15  |s 2024-09-30  |w 2019-11-15  |y BK_R  |z Catalogado en:20160603  |k SSL 
952 |0 0  |1 0  |3 erb  |4 0  |6 121_000000000000000_WAT_1994  |7 0  |8 R  |9 232760  |a BIBGIM  |b BIBGIM  |i 5290120  |o 121 WAT 1994  |p 5290120  |r 2025-01-15  |w 2019-11-15  |y BK_R  |z Catalogado en:20160603  |k SSL 
952 |0 0  |1 0  |3 erb  |4 0  |6 121_000000000000000_WAT_1994  |7 0  |8 R  |9 232761  |a BIBGIM  |b BIBGIM  |i 5290139  |l 4  |o 121 WAT 1994  |p 5290139  |r 2025-01-15  |s 2024-11-07  |w 2019-11-15  |y BK_R  |z Catalogado en:20160603  |k SSL 
952 |0 0  |1 0  |3 erb  |4 0  |6 121_000000000000000_WAT_1994  |7 0  |8 A  |9 232762  |a BIBING  |b BIBING  |i 5045169  |l 2  |m 2  |o 121 WAT 1994  |p 5045169  |r 2025-01-20  |s 2023-05-17  |w 2019-11-15  |y BK  |z Catalogado en:20140109  |k GEO 
952 |0 0  |1 0  |4 0  |6 121_000000000000000_WAT_1994  |7 0  |8 A  |9 232763  |a BIBCUR  |b BIBCUR  |d 2019-11-15  |i 3049566  |l 1  |o 121 WAT 1994  |p 3049566  |r 2025-04-22  |s 2022-05-18  |w 2019-11-15  |y BK  |k PER 
952 |0 0  |1 0  |4 0  |6 121_000000000000000_WAT_1994  |7 0  |8 A  |9 232764  |a FDOPOS  |b FDOPOS  |d 2019-11-15  |i 3019462  |o 121 WAT 1994  |p 3019462  |r 2025-01-22  |w 2019-11-15  |y BK  |k MLA 
952 |0 0  |1 0  |4 0  |6 121_000000000000000_WAT_1994  |7 0  |8 A  |9 232765  |a BIBING  |b BIBING  |d 2019-11-15  |i 4958764  |o 121 WAT 1994  |p 4958764  |r 2025-01-20  |w 2019-11-15  |y BK  |k CUI 
952 |0 0  |1 0  |3 erb  |4 0  |6 121_000000000000000_WAT_1994  |7 0  |8 R  |9 232766  |a BIBGIM  |b BIBGIM  |i 5254809  |l 1  |m 4  |o 121 WAT 1994  |p 5254809  |r 2025-01-15  |s 2024-09-30  |w 2019-11-15  |y BK_R  |z Catalogado en:20181207  |k SSL